| 000 | 00000nas 2200000za 4500 |
| 001 | 9.824120 |
| 003 | CaOODSP |
| 005 | 20221107144043 |
| 007 | cr ||||||||||| |
| 008 | 160914d19931994oncar p o f0 b0fre|d |
| 040 | |aCaOODSP|bfre |
| 043 | |an-cn--- |
| 086 | 1 |aF1-26F-PDF |
| 110 | 1 |aCanada. |bMinistère des finances. |
| 245 | 10|aTableaux de référence économiques et financiers |h[ressource électronique]. |
| 260 | |aOttawa : |bMinistère des finances, |c[1993-1994] |
| 310 | |aAnnuel |
| 362 | 1 |aParaît depuis : août 1993; ne paraît plus après : sept. 1994. |
| 500 | |aPubl. aussi en anglais sous le titre : Economic and fiscal reference tables. |
| 500 | |aÉdition numérisée de l’imprimé [par Finance Canada]. |
| 692 | 07|2gccst|aFinances publiques |
| 692 | 07|2gccst|aGestion financière |
| 775 | 08|tEconomic and fiscal reference tables |w(CaOODSP)9.824118 |
| 780 | 00|tTableaux de référence économiques |w(CaOODSP)9.824114 |
| 785 | 00|tTableaux de référence financiers |w(CaOODSP)9.501995 |